Escola d'estiu (1914-1936) : edició facsímil dels programes i cròniques edició facsímil dels programes i cròniques
Descripción Física:
294 p. : il. ; 24 cm
MARC
| LEADER | 00000nam a2200000Ia 4500 | ||
|---|---|---|---|
| 001 | 1629 | ||
| 003 | BGR | ||
| 005 | 20260324175255.0 | ||
| 008 | 160829s1983 xx 000 0 cat d | ||
| 080 | |a E-1-51 | ||
| 111 | |a Escola d'Estiu (Barcelona) |9 70796 |c (Barcelona : |d 1914-1936) | ||
| 245 | |a Escola d'estiu (1914-1936) : |b edició facsímil dels programes i cròniques | ||
| 260 | |a Barcelona : |b Diputació de Barcelona, |c 1983 | ||
| 300 | |a 294 p. : |b il. ; |c 24 cm | ||
| 590 | |a Editat amb motiu del I Congrés de Moviments de Renovació Pedagògica. Va acompanyat d'un fulletó amb la presentació i pròleg en castellà. | ||
| 650 | 0 | |a Mestres |x Educació (Educació permanent) |z Catalunya |9 22005 | |
| 710 | 1 | |a Barcelona (Catalunya : Província). |b Diputació |9 52408 | |
| 901 | |a Arxiu | ||
| 942 | |n 1 |2 udc |c MON | ||
| 952 | |0 0 |1 0 |4 0 |6 E151 |7 1 |9 43115 |a Arxiu |b Arxiu |d 2016-12-01 |l 0 |o E-1-51 |p 1629 |r 2016-12-01 00:00:00 |w 2016-12-01 |y ARXIU | ||
| 999 | |c 45659 |d 45659 | ||